000 00545cam a22002054a 4500
005 20250605164248.0
008 250528s ||||||||||||||||||||||||d
035 _a21634
020 _a9780763746179
040 _aGR-AtMCL
_bgre
_dGR-AtMCL
_eAACR2
245 1 _aMANAGEMENT PRINCIPLES OF HEALTH PROFESSIONALS
250 _a1
260 _bJones And Bartlett Computer Science,
_c2008
300 _a552
700 1 _aLiebler Joan Gratto
_97580
700 1 _aMcconnell Charles R
_97581
942 _cBK
999 _c6695
_d6695